Name a City for Each Canadian Province with Exceptions - Statistics

General Stats
  • This quiz has been taken 11 times
  • The average score is 5 of 13
Answer Stats
Province/Territory City % Correct
Québec Gatineau | Longueuil | Sherbrooke | Lévis | Saguenay | Trois-Rivières | Terrebonne
80%
Ontario Mississauga | Hamilton | London | Markham | Vaughan | Kitchener | Windsor
80%
British Columbia Richmond | Langley | Abbotsford | Coquitlam | North Vancouver | Kelowna | Saanich
80%
Alberta Lethbridge | Strathcona County | Airdrie | Wood Buffalo | St. Albert | Grande Prairie | Medicine Hat
60%
Saskatchewan Moose Jaw | Swift Current | Yorkton | North Battleford | Warman | Martensville | Weyburn
60%
Newfoundland & Labrador Mount Pearl | Corner Brook | Grand Falls - Windsor | Gander | Portugal Cove - St. Philip's | Torbay | Happy Valley-Goose Bay
60%
Manitoba Winkler | Portage la Prairie | Thompson | Morden | Selkirk | Dauphin | Niverville
40%
New Brunswick Dieppe | Riverview | Quispamsis | Miramichi | Edmundston | Bathurst | Rothesay
30%
Nova Scotia New Glasgow | Amherst | Bridgewater | Kentville | Yarmouth | Wolfville | Antigonish
20%
Northwest Territories Fort Smith | Behchokǫ̀ | Fort Simpson | Tuktoyaktuk | Fort McPherson | Fort Providence | Norman Wells
10%
Yukon Haines Junction | Carmacks | Ibex Valley | Mt. Lorne | Faro | Carcross | Pelly Crossing
10%
Nunavut Igloolik | Baker Lake | Cambridge Bay | Pond Inlet | Pangnirtung | Kinngait | Kugluktuk
10%
Prince Edward Island Three Rivers | Cornwall | Kensington | Alberton | Souris | O'Leary | Borden-Carleton
0%
No matching quizzes found
Score Distribution
Percent of People with Each Score
Percentile by Number Answered
Your Score History
You have not taken this quiz